02500 2200241 4500001002100000005001500021035002000036008004100056020001500097041000800112082001000120084001600130100002000146245010200166260003600268300003300304500002400337520180300361650002002164650002202184990002602206990002602232INLIS00000000000361420221112021213 a0010-0520003614221112 | | eng  a0 471 2636 aeng a659.2 a659.2 LEV b0 aLevine, Michael12aBranded world :bAdventures in Public Relations and the Creation of Superbrands /cMichael Levine aUSA :bJohn Wiley & Sons,c2003 axi, 260 hal.; 23 cm ;c23 cm aIndeks : p. 255-260 aBranding is ultimately the way you differentiate your product from the competition. Whether you're selling a celebrity image, automobiles, or a financial service, your global is to make your brand the most recognizable by the consumer. But there's much more to effective branding than a memorable slogan and ubiquitous advertising-public relation is becoming key to the entire strategy. PR is much more than just damage control for when something goes wrong; it's an effective way to communicate the story of your brand through media outlets that the public trusts. This book look at branding from the unique perspective of one of America's premier PR executives. In it, Michael Levine-whose clients include major Holliwood stars and top musicians-proves PR is a tool just as effective at turning everyday products into widely recognized brand as it is at turning talented artists into household names. Through it has a certain mystery to it, there's nothinh mystical about PR. Behind the scened, it's a discipline, one that can be taught and learned, practiced and analyzed. This book also utilizes real-world examples and anecdotes from Levine's experiences to show how PR fits into and supports a branding campaign. It follows a fictional product-in this case, a brand of ice cream-through the entire branding process, illustrating the many ways PR can help marketers build that one-in-a-lifetime brand. Levine offers a PR professional's trenchant analysis of common branding concepts and looks at some of the inspired choices and phenomenal flops in branding history, explaining why some brands become almost sacred while others are simply forgotten. He also looks at the manu ways PR impacts some of the most vital aspects of branding, such as e-branding, first impressions, and brand loyalty. 4aPublic relation 4aBranded marketing a12165/MKRI-P/III-2009 a12165/MKRI-P/III-2009